| 000 -LEADER |
| fixed length control field |
00376nam a2200145 4500 |
| 008 - FIXED-LENGTH DATA ELEMENTS--GENERAL INFORMATION |
| fixed length control field |
191106b ||||| |||| 00| 0 eng d |
| 082 00 - DEWEY DECIMAL CLASSIFICATION NUMBER |
| Classification number |
621.19 |
| Item number |
M4381 |
| 100 ## - MAIN ENTRY--PERSONAL NAME |
| 9 (RLIN) |
135 |
| Personal name |
Matthews, F. J. |
| 245 10 - TITLE STATEMENT |
| Title |
Boiler Feed Water Treatment |
| 250 ## - EDITION STATEMENT |
| Edition statement |
3rd ed. |
| 260 ## - PUBLICATION, DISTRIBUTION, ETC. (IMPRINT) |
| Place of publication, distribution, etc |
London |
| Name of publisher, distributor, etc |
Hutchinson |
| Date of publication, distribution, etc |
1948 |
| 300 ## - PHYSICAL DESCRIPTION |
| Extent |
207 p. |
| 650 #0 - SUBJECT ADDED ENTRY--TOPICAL TERM |
| Topical term or geographic name as entry element |
Steam Boilers |
| 942 ## - ADDED ENTRY ELEMENTS (KOHA) |
| Source of classification or shelving scheme |
|
| Item type |
Books |